[Event "GER-ch 37th"]
[Site "Magdeburg"]
[Date "2019.05.26"]
[Round "1"]
[White "Gungl, Theo"]
[Black "Graf, Alexander"]
[Result "0-1"]
[WhiteElo "2331"]
[BlackElo "2572"]
[EventDate "2019.05.26"]
[PlyCount "122"]

1. d4 Nf6 2. c4 g6 3. Nc3 Bg7 4. e4 d6 5. Nf3 O-O 6. Be2 c6 7. O-O a6 8. a4 a5 9. h3 Na6 10. Be3 e5 11. d5 Qe7 12. Nd2 Nb4 13. Na2 c5 14. Nxb4 axb4 15. Qc2 Re8 16. b3 Qf8 17. Bg5 Nd7 18. Bg4 Bh6 19. Bxh6 Qxh6 20. Rfe1 Kh8 21. Nf1 Rg8 22. Qd2 Qh4 23. Re3 Nf6 24. Bxc8 Raxc8 25. Ng3 Rcf8 26. Rae1 Ne8 27. Qd3 Ng7 28. Rf3 f6 29. Kh2 Rf7 30. Qc2 Rgf8 31. Re2 f5 32. Kg1 Rf6 33. Qd2 f4 34. Nf1 g5 35. Nh2 Ne8 36. Rd3 Rg6 37. f3 Qh6 38. Qe1 Qg7 39. Qf2 h5 40. Ra2 Nf6 41. Kf1 Kg8 42. Qe2 g4 43. fxg4 hxg4 44. Nxg4 Nxg4 45. hxg4 Rxg4 46. Ke1 Rf6 47. Rh3 Rfg6 48. Kf1 R6g5 49. a5 Qg6 50. Rd2 Kf7 51. Ra2 Ke7 52. a6 bxa6 53. Rxa6 Rxg2 54. Rh7+ Qxh7 55. Ra7+ Kf6 56. Rxh7 Rg1+ 57. Kf2 R5g2+ 58. Kf3 Rg3+ 59. Kf2 R1g2+ 60. Kf1 Rxe2 61. Kxe2 Rxb3 0-1

[Event "GER-ch 37th"]
[Site "Magdeburg"]
[Date "2019.05.26"]
[Round "1"]
[White "Huschenbeth, Niclas"]
[Black "Maetzkow, Maximilian Paul"]
[Result "1-0"]
[WhiteElo "2603"]
[BlackElo "2338"]
[EventDate "2019.05.26"]
[PlyCount "41"]

1. e4 e6 2. d4 d5 3. Nc3 dxe4 4. Nxe4 Nd7 5. Nf3 Ngf6 6. Nxf6+ Nxf6 7. Be3 c5 8. dxc5 Qc7 9. Qd4 Nd7 10. O-O-O Qxc5 11. Qa4 Qb4 12. Bb5 Qxa4 13. Bxa4 a6 14. c4 Be7 15. Bb6 Bf6 16. c5 Ke7 17. Bc7 h5 18. Rd2 h4 19. Rhd1 Rh5 20. Kb1 Be5 21. Rxd7+ 1-0

[Event "GER-ch 37th"]
[Site "Magdeburg"]
[Date "2019.05.26"]
[Round "1"]
[White "Kardoeus, David"]
[Black "Winterberg, Lukas"]
[Result "0-1"]
[WhiteElo "2202"]
[BlackElo "2376"]
[EventDate "2019.05.26"]
[PlyCount "44"]

1. e4 e6 2. d4 d5 3. Nd2 c5 4. exd5 Qxd5 5. Ngf3 cxd4 6. Bc4 Qd7 7. O-O Nc6 8. Nb3 a6 9. Nbxd4 Nxd4 10. Nxd4 Qc7 11. Qe2 Bd6 12. Re1 Ne7 13. Bg5 Ng6 14. h4 O-O 15. h5 Nf4 16. Bxf4 Bxf4 17. g3 Bd6 18. Rad1 b5 19. Bxe6 fxe6 20. Nxe6 Qc6 21. Qg4 Rf7 22. Re5 Qxc2 0-1

[Event "GER-ch 37th"]
[Site "Magdeburg"]
[Date "2019.05.26"]
[Round "1"]
[White "Lubbe, Nikolas"]
[Black "Dauth, Benjamin"]
[Result "1-0"]
[WhiteElo "2431"]
[BlackElo "2295"]
[EventDate "2019.05.26"]
[PlyCount "85"]

1. c4 Nf6 2. g3 e6 3. Bg2 d5 4. Nf3 Be7 5. O-O O-O 6. b3 b6 7. e3 Bb7 8. Bb2 dxc4 9. bxc4 c5 10. Qe2 Nc6 11. Nc3 Qd7 12. Rad1 Rfd8 13. d3 Rac8 14. Ne1 Nb4 15. f3 Ne8 16. a3 Nc6 17. f4 Bf6 18. Nf3 Na5 19. g4 Bxc3 20. Bxc3 Qa4 21. f5 exf5 22. gxf5 Qxa3 23. Bb2 Qb3 24. f6 g6 25. e4 b5 26. Ra1 bxc4 27. Rxa5 cxd3 28. Qd2 Bxe4 29. Re1 Bxf3 30. Bxf3 Qb6 31. Ra6 Qb4 32. Bc3 Qh4 33. Re4 Qh3 34. Bg4 Qh4 35. Bf3 Qh3 36. Bg4 Qh4 37. Bf5 Qh5 38. Bxc8 Rxc8 39. Qxd3 Rb8 40. Qg3 Rd8 41. Ra1 h6 42. Re5 Rd1+ 43. Kg2 1-0

[Event "GER-ch 37th"]
[Site "Magdeburg"]
[Date "2019.05.26"]
[Round "1"]
[White "Nosek, Reinhard"]
[Black "Svane, Frederik"]
[Result "0-1"]
[WhiteElo "1913"]
[BlackElo "2342"]
[EventDate "2019.05.26"]
[PlyCount "79"]

1. d4 Nf6 2. Bg5 e6 3. Nd2 h6 4. Bh4 c5 5. e3 d5 6. Ngf3 Nc6 7. c3 Qb6 8. Qb3 Bd7 9. Bg3 Qxb3 10. axb3 Nh5 11. dxc5 Nxg3 12. hxg3 Bxc5 13. b4 Bb6 14. b5 Ne7 15. g4 O-O 16. Bd3 f6 17. e4 Rad8 18. O-O e5 19. exd5 Nxd5 20. c4 Nb4 21. Be4 Bxg4 22. Ra4 Nd3 23. Bd5+ Kh7 24. b4 f5 25. Bxb7 Bxf3 26. Bxf3 Nb2 27. Ra6 Rxd2 28. c5 e4 29. cxb6 axb6 30. Bh5 Nd3 31. Rxb6 Nf4 32. Rd1 Rb2 33. g4 Nh3+ 34. Kg2 Nxf2 35. Bg6+ Kg8 36. Rd7 Nxg4+ 37. Kg1 Ne5 38. Rc7 Nf3+ 39. Kf1 e3 40. Re6 0-1

[Event "GER-ch 37th"]
[Site "Magdeburg"]
[Date "2019.05.26"]
[Round "1"]
[White "Pfreundt, Jakob"]
[Black "Schulz, Karsten"]
[Result "1-0"]
[WhiteElo "2392"]
[BlackElo "2227"]
[EventDate "2019.05.26"]
[PlyCount "111"]

1. e4 d6 2. d4 Nf6 3. Nc3 e5 4. dxe5 dxe5 5. Qxd8+ Kxd8 6. Bc4 Be6 7. Bxe6 fxe6 8. f3 Nc6 9. Be3 Bd6 10. O-O-O Ke7 11. Nh3 a6 12. Nf2 Rhc8 13. Nd3 Nd7 14. Rhf1 h6 15. Ne2 b5 16. f4 exf4 17. Nexf4 Nce5 18. Nxe5 Nxe5 19. Bd4 g5 20. Bxe5 gxf4 21. Bxf4 Bxf4+ 22. Rxf4 Rf8 23. Rdf1 Rxf4 24. Rxf4 Rg8 25. g3 Rg5 26. b4 c5 27. a3 h5 28. Kd2 cxb4 29. axb4 Rg8 30. Rh4 Rh8 31. e5 Kf7 32. Ke3 Rc8 33. Kd3 Kg6 34. Rf4 Rd8+ 35. Kc3 Rc8+ 36. Kb3 Kg7 37. Rf6 Re8 38. h3 Re7 39. g4 hxg4 40. hxg4 Re8 41. c3 Re7 42. Rf4 Kg6 43. Rd4 Kg5 44. Rd6 Kxg4 45. Rxa6 Kf5 46. Rb6 Kxe5 47. Rxb5+ Kf4 48. Ra5 e5 49. c4 e4 50. b5 e3 51. Ra1 e2 52. Re1 Re3+ 53. Kb4 Ke4 54. b6 Kd3 55. b7 Re8 56. c5 1-0

[Event "GER-ch 37th"]
[Site "Magdeburg"]
[Date "2019.05.27"]
[Round "2"]
[White "Graf, Alexander"]
[Black "Paul, Johannes"]
[Result "1-0"]
[WhiteElo "2572"]
[BlackElo "2364"]
[EventDate "2019.05.26"]
[PlyCount "77"]

1. d4 Nf6 2. c4 g6 3. Nf3 Bg7 4. g3 O-O 5. Bg2 d6 6. O-O Nc6 7. Nc3 a6 8. b3 Rb8 9. e3 b5 10. Nd2 Bg4 11. Bf3 Bxf3 12. Qxf3 Nb4 13. Rb1 c5 14. dxc5 dxc5 15. Rd1 Qc8 16. Bb2 Nd3 17. Ba1 Ne5 18. Qe2 Qc6 19. Nxb5 Ne4 20. Bxe5 Bxe5 21. Nxe4 axb5 22. Rd5 Bg7 23. f3 f5 24. Rxc5 Qd7 25. Nf2 b4 26. Rd5 Qa7 27. Nd3 e6 28. Rd6 Rfd8 29. Rxd8+ Rxd8 30. Nxb4 Qd7 31. c5 Bc3 32. a3 Qb7 33. Rd1 Rb8 34. c6 Qb6 35. Rc1 Bxb4 36. axb4 Qxb4 37. c7 Rc8 38. Qa6 Rxc7 39. Rxc7 1-0

[Event "GER-ch 37th"]
[Site "Magdeburg"]
[Date "2019.05.27"]
[Round "2"]
[White "Kvetny, Mark"]
[Black "Bastian, Herbert"]
[Result "1-0"]
[WhiteElo "2414"]
[BlackElo "2297"]
[EventDate "2019.05.26"]
[PlyCount "65"]

1. c4 Nf6 2. Nc3 g6 3. g3 Bg7 4. Bg2 d6 5. d3 O-O 6. h3 Nc6 7. e4 Nd4 8. Nge2 c5 9. Be3 Ne8 10. Rb1 Rb8 11. O-O Nc7 12. b4 Bd7 13. f4 b6 14. Qd2 f5 15. Kh2 e6 16. bxc5 Nxe2 17. Nxe2 dxc5 18. e5 Qe8 19. d4 cxd4 20. Nxd4 Na6 21. Nb5 Bxb5 22. cxb5 Rd8 23. Qc3 Rc8 24. Qa3 Nc7 25. Bc6 Qf7 26. Qxa7 g5 27. Rf2 Kh8 28. Rd1 Qg6 29. Qxb6 Qh5 30. Rd7 Nd5 31. Bxd5 exd5 32. Qd4 gxf4 33. Bxf4 1-0

[Event "GER-ch 37th"]
[Site "Magdeburg"]
[Date "2019.05.27"]
[Round "2"]
[White "Maetzkow, Maximilian Paul"]
[Black "Kardoeus, David"]
[Result "1-0"]
[WhiteElo "2338"]
[BlackElo "2202"]
[EventDate "2019.05.26"]
[PlyCount "87"]

1. d4 Nf6 2. Nf3 g6 3. g3 Bg7 4. Bg2 O-O 5. O-O d6 6. c4 c5 7. d5 e6 8. dxe6 fxe6 9. Nc3 Qe7 10. Bg5 Rd8 11. Nd2 h6 12. Bxf6 Bxf6 13. Qc2 Qf7 14. Nde4 Be7 15. Rad1 Na6 16. Rd2 Nc7 17. Rfd1 d5 18. cxd5 exd5 19. Nxd5 Rxd5 20. Rxd5 Nxd5 21. Rxd5 Be6 22. Rd3 Bxa2 23. Nd6 Bxd6 24. Rxd6 Be6 25. Qxc5 b6 26. Qc6 Re8 27. Bh3 Bxh3 28. Rxg6+ Kh7 29. Rxh6+ Kg8 30. Rxh3 Rxe2 31. Qc8+ Re8 32. Qg4+ Qg7 33. Rh4 Re1+ 34. Kg2 Qxg4 35. Rxg4+ Kf7 36. h4 a5 37. h5 Re5 38. h6 b5 39. Rg7+ Kf6 40. g4 Re8 41. g5+ Kf5 42. h7 Rh8 43. g6 Ke5 44. Rg8 1-0

[Event "GER-ch 37th"]
[Site "Magdeburg"]
[Date "2019.05.27"]
[Round "2"]
[White "Moeller, Dustin"]
[Black "Pfreundt, Jakob"]
[Result "0-1"]
[WhiteElo "2156"]
[BlackElo "2392"]
[EventDate "2019.05.26"]
[PlyCount "88"]

1. d4 Nf6 2. c4 g6 3. Nc3 Bg7 4. e4 d6 5. Be2 O-O 6. Nf3 c5 7. d5 e6 8. dxe6 Bxe6 9. Bf4 Qb6 10. Qb3 Qc6 11. Nd5 Re8 12. Nd2 Qd7 13. Nxf6+ Bxf6 14. e5 Bxe5 15. Bxe5 dxe5 16. Ne4 Qe7 17. Qe3 Nc6 18. Qxc5 f5 19. Qxe7 Rxe7 20. Nc3 Nd4 21. Rc1 Rd8 22. b3 Red7 23. Bd1 Kf7 24. O-O Kf6 25. Re1 Nc6 26. Be2 Rd2 27. Red1 Rxd1+ 28. Rxd1 Rxd1+ 29. Bxd1 g5 30. Kf1 e4 31. g4 Ke5 32. gxf5 Bxf5 33. Ke2 Bg4+ 34. Ke3 Bxd1 35. Nxd1 Nd4 36. Nc3 Nf5+ 37. Ke2 a6 38. Nd5 Nd4+ 39. Ke3 Nf5+ 40. Ke2 h5 41. h3 h4 42. Kf1 Nd4 43. Ne3 Ne6 44. Ng4+ Kd4 0-1

[Event "GER-ch 37th"]
[Site "Magdeburg"]
[Date "2019.05.27"]
[Round "2"]
[White "Polster, Christian"]
[Black "Lubbe, Nikolas"]
[Result "1-0"]
[WhiteElo "2236"]
[BlackElo "2431"]
[EventDate "2019.05.26"]
[PlyCount "85"]

1. d4 Nf6 2. c4 e6 3. Nf3 d5 4. Nc3 c6 5. cxd5 exd5 6. Qc2 Nbd7 7. Bg5 Be7 8. e3 Nh5 9. Bxe7 Qxe7 10. O-O-O Nb6 11. Ne5 g6 12. Be2 Ng7 13. Bf3 Be6 14. Rhe1 f6 15. Nd3 f5 16. Nc5 O-O 17. g3 Nc4 18. Be2 Nd6 19. Nd3 b5 20. f3 Nc4 21. Bf1 Bf7 22. e4 fxe4 23. fxe4 b4 24. exd5 Qg5+ 25. Nf4 bxc3 26. Bxc4 cxd5 27. Re5 Nf5 28. Bxd5 Bxd5 29. Rxd5 Qf6 30. Qxc3 Qb6 31. Rc5 Rab8 32. b3 Qb7 33. Kb2 Rf7 34. Rc1 Qe4 35. d5 Nd6 36. Re1 Qf5 37. Qe5 Qd7 38. Qe6 Qd8 39. Rc6 Nb5 40. Qe5 Rf5 41. Qe6+ Kh8 42. Re4 Qf8 43. Qe7 1-0

[Event "GER-ch 37th"]
[Site "Magdeburg"]
[Date "2019.05.27"]
[Round "2"]
[White "Roseneck, Jonas"]
[Black "Dauth, Benjamin"]
[Result "1-0"]
[WhiteElo "2403"]
[BlackElo "2295"]
[EventDate "2019.05.26"]
[PlyCount "57"]

1. e4 c6 2. d4 d5 3. e5 Bf5 4. h4 h5 5. Bd3 Bxd3 6. Qxd3 e6 7. Bg5 Qb6 8. Nd2 c5 9. c4 Qxb2 10. Rd1 Nc6 11. Ngf3 Nb4 12. Qe2 Qxa2 13. O-O dxc4 14. Qe4 Qa6 15. dxc5 Bxc5 16. Nxc4 Qc6 17. Qb1 Ne7 18. Nd6+ Kf8 19. Nd4 Bxd4 20. Qxb4 Bc5 21. Qf4 Nf5 22. Nxf5 exf5 23. Qxf5 Re8 24. e6 Rxe6 25. Rd8+ Re8 26. Rfd1 Bb6 27. R1d7 Qe6 28. Rxf7+ Kg8 29. Rf8+ 1-0

[Event "GER-ch 37th"]
[Site "Magdeburg"]
[Date "2019.05.27"]
[Round "2"]
[White "Wachinger, Nikolas"]
[Black "Guenther, Andreas"]
[Result "1/2-1/2"]
[WhiteElo "2311"]
[BlackElo "2121"]
[EventDate "2019.05.26"]
[PlyCount "135"]

1. e4 d5 2. exd5 Qxd5 3. Nc3 Qa5 4. d4 Nf6 5. Nf3 Nc6 6. Bb5 Ne4 7. a4 Nxc3 8. bxc3 a6 9. Bxc6+ bxc6 10. Qd2 f6 11. O-O Bg4 12. Ne1 e6 13. Nd3 Bd6 14. Ba3 Qd5 15. Bxd6 Qxd6 16. Nc5 Kf7 17. Rab1 Bf5 18. f4 h5 19. Rb7 h4 20. a5 h3 21. g3 Kg6 22. Qe2 e5 23. g4 Bc8 24. Qd3+ Kf7 25. fxe5 Qe7 26. Rbb1 Rh4 27. Rbe1 Rxg4+ 28. Kh1 Be6 29. c4 f5 30. Rxf5+ Kg8 31. Nxe6 Qxe6 32. Ref1 Qg6 33. c3 Rxd4 34. Qe2 Rg4 35. e6 Rg5 36. Rxg5 Qxg5 37. Qf3 Qg2+ 38. Qxg2 hxg2+ 39. Kxg2 Re8 40. Re1 Kf8 41. Rf1+ Kg8 42. Rb1 Rxe6 43. Rb8+ Kf7 44. Ra8 c5 45. Ra7 Rc6 46. Kf3 Ke7 47. Ke4 Kd7 48. Kd5 Rh6 49. Kxc5 Rxh2 50. Rxa6 Rg2 51. Ra8 Rg5+ 52. Kb4 Kc6 53. Ra6+ Kb7 54. Re6 Rg1 55. c5 Rb1+ 56. Kc4 Ra1 57. c6+ Ka6 58. Re7 Ra4+ 59. Kd3 Rxa5 60. Rxc7 Kb6 61. Rxg7 Kxc6 62. Rg6+ Kc7 63. Kd4 Rh5 64. c4 Kd7 65. c5 Kc7 66. Kc4 Rh1 67. Rg7+ Kc6 68. Rg6+ 1/2-1/2

[Event "GER-ch 37th"]
[Site "Magdeburg"]
[Date "2019.05.27"]
[Round "2"]
[White "Winterberg, Lukas"]
[Black "Huschenbeth, Niclas"]
[Result "1/2-1/2"]
[WhiteElo "2376"]
[BlackElo "2603"]
[EventDate "2019.05.26"]
[PlyCount "140"]

1. d4 Nf6 2. c4 e6 3. Nf3 d5 4. Nc3 Bb4 5. Bg5 dxc4 6. e4 b5 7. e5 h6 8. Bh4 g5 9. Nxg5 hxg5 10. Bxg5 Nbd7 11. Qf3 Rb8 12. exf6 Bb7 13. Qe3 a6 14. O-O-O Nb6 15. d5 Nxd5 16. Nxd5 Bxd5 17. Be2 c6 18. Bg4 Qa5 19. Kb1 c3 20. Rxd5 cxd5 21. Bxe6 c2+ 22. Kc1 Bd2+ 23. Qxd2 Qxd2+ 24. Bxd2 fxe6 25. Bc3 Kf7 26. h4 Rbe8 27. g4 e5 28. Kxc2 Kxf6 29. Kd3 Ke6 30. f4 d4 31. Bd2 Reg8 32. g5 exf4 33. Bxf4 Kf5 34. Bd2 Kg4 35. Be1 Re8 36. Kxd4 Re2 37. g6 Kh5 38. Rg1 Rg8 39. Bc3 Rxg6 40. Rxg6 Kxg6 41. Kc5 Re6 42. a3 Kf5 43. Kb4 Rh6 44. Ka5 Ke4 45. Bg7 Rg6 46. Bf8 Kd5 47. h5 Rg8 48. Be7 Kc6 49. h6 Rh8 50. Bg5 Kb7 51. Be3 Re8 52. Bg5 Re2 53. Bf6 Rh2 54. Bg7 Rh4 55. b3 Rh3 56. Kb4 Kb6 57. Bd4+ Kc6 58. Bg7 Kb6 59. Bd4+ Kc6 60. Bg7 Rh4+ 61. Ka5 Kb7 62. Bf8 Rh3 63. Bg7 Kc6 64. Kb4 Rh5 65. Ka5 Kb7 66. Kb4 Kb6 67. Bd4+ Kc6 68. Bg7 Rh4+ 69. Ka5 Kb7 70. Bf8 Rh3 1/2-1/2

[Event "GER-ch 37th"]
[Site "Magdeburg"]
[Date "2019.05.28"]
[Round "3"]
[White "Bastian, Herbert"]
[Black "Heimrath, Reiner"]
[Result "1-0"]
[WhiteElo "2297"]
[BlackElo "2239"]
[EventDate "2019.05.26"]
[PlyCount "57"]

1. e4 c5 2. Nc3 Nc6 3. g3 g6 4. Bg2 Bg7 5. d3 d6 6. Be3 Rb8 7. Qd2 b5 8. Nd1 e5 9. c3 b4 10. Ne2 Nge7 11. O-O bxc3 12. bxc3 O-O 13. Bh6 Qa5 14. Bxg7 Kxg7 15. Ne3 Be6 16. f4 f6 17. f5 Bg8 18. fxg6 hxg6 19. Ng4 g5 20. h4 Be6 21. Bh3 Bxg4 22. Bxg4 Kg6 23. Rf2 Nd4 24. Raf1 Nxe2+ 25. Bxe2 gxh4 26. gxh4 Ng8 27. Rg2+ Kh7 28. Rf5 Rb1+ 29. Kh2 1-0

[Event "GER-ch 37th"]
[Site "Magdeburg"]
[Date "2019.05.28"]
[Round "3"]
[White "Engel, Luis"]
[Black "Polster, Christian"]
[Result "1/2-1/2"]
[WhiteElo "2512"]
[BlackElo "2236"]
[EventDate "2019.05.26"]
[PlyCount "139"]

1. e4 e6 2. d4 d5 3. Nd2 c5 4. exd5 Qxd5 5. Ngf3 cxd4 6. Bc4 Qd6 7. O-O Nf6 8. Nb3 Nc6 9. Nbxd4 Nxd4 10. Nxd4 a6 11. Re1 Qc7 12. Bf1 Bd6 13. Nf5 Bxh2+ 14. Kh1 Kf8 15. Qd4 exf5 16. Qxf6 h6 17. Qd4 Bd6 18. Bd2 Be6 19. Bc3 Rh7 20. Rad1 Be7 21. Bb4 h5 22. Re3 Bxb4 23. Qxb4+ Qe7 24. Rd6 Rh6 25. a3 Re8 26. Kg1 Kg8 27. Rb6 Qxb4 28. axb4 Re7 29. Be2 Rc7 30. c3 Kh7 31. Rh3 g6 32. Bf3 Bc8 33. Rh4 Kg7 34. Rd4 Rh8 35. c4 Re8 36. c5 Re1+ 37. Kh2 Rb1 38. Rd2 h4 39. g3 hxg3+ 40. fxg3 a5 41. c6 bxc6 42. bxa5 Ra7 43. b4 c5 44. bxc5 Rc1 45. Ra2 Rxc5 46. a6 Rcc7 47. Kg2 Kh6 48. Be2 Be6 49. Rd2 Bc4 50. Kf2 Bxe2 51. Rxe2 Rc3 52. Ra2 Kg5 53. Ra4 Kh5 54. Rh4+ Kg5 55. Ra4 Rd3 56. Kg2 Re3 57. Kf2 Re6 58. Rxe6 fxe6 59. g4 Kf6 60. Kf3 Ke5 61. Ra5+ Kd4 62. gxf5 exf5 63. Kf4 Kc4 64. Kg5 Kb4 65. Ra1 Kb5 66. Kxg6 f4 67. Rf1 Rxa6+ 68. Kg5 Ra4 69. Rxf4 Rxf4 70. Kxf4 1/2-1/2

[Event "GER-ch 37th"]
[Site "Magdeburg"]
[Date "2019.05.28"]
[Round "3"]
[White "Huschenbeth, Niclas"]
[Black "Becker, Marcel"]
[Result "1-0"]
[WhiteElo "2603"]
[BlackElo "2308"]
[EventDate "2019.05.26"]
[PlyCount "135"]

1. e4 c6 2. d4 d5 3. Nc3 dxe4 4. Nxe4 Bf5 5. Ng3 Bg6 6. h4 h6 7. Nf3 e6 8. Bd3 Bxd3 9. Qxd3 Nd7 10. Bd2 Ngf6 11. O-O-O Qc7 12. Ne4 O-O-O 13. Nxf6 Nxf6 14. Qe2 Bd6 15. Kb1 Kb8 16. c4 c5 17. Bc3 cxd4 18. Nxd4 a6 19. Nb3 Qc6 20. f3 Ka8 21. Rd4 Rd7 22. c5 Bc7 23. Rxd7 Qxd7 24. Rc1 Bf4 25. Rd1 Qc6 26. Qc4 Nd5 27. Rxd5 Qxd5 28. Qxf4 Qd3+ 29. Ka1 Qf1+ 30. Nc1 Rd8 31. Kb1 Rd1 32. Kc2 Rd5 33. g4 f6 34. Qe3 Qd1+ 35. Kb1 e5 36. b3 Qf1 37. a4 h5 38. c6 bxc6 39. Qb6 Rd1 40. Qxc6+ Kb8 41. Bb4 Qd3+ 42. Ka2 Qd4 43. Ka3 hxg4 44. fxg4 e4 45. Na2 e3 46. Bc5 Qd5 47. Qe8+ Kb7 48. Qe7+ Kc8 49. Qe8+ Kb7 50. Qe7+ Kc8 51. Nb4 Qg2 52. Qe6+ Kb7 53. Qe7+ Kc8 54. Qe6+ Kb7 55. Qf7+ Kc8 56. Qg8+ Kb7 57. Qxg7+ Kc8 58. Qg8+ Kb7 59. Qf7+ Kc8 60. Qg8+ Kb7 61. Qf7+ Kc8 62. Qe6+ Kb7 63. Qe7+ Kc8 64. Qe6+ Kb7 65. Qxa6+ Kc7 66. Bb6+ Kd7 67. Qb5+ Kc8 68. Qc4+ 1-0

[Event "GER-ch 37th"]
[Site "Magdeburg"]
[Date "2019.05.28"]
[Round "3"]
[White "Kardoeus, David"]
[Black "Nosek, Reinhard"]
[Result "1-0"]
[WhiteElo "2202"]
[BlackElo "1913"]
[EventDate "2019.05.26"]
[PlyCount "55"]

1. e4 c5 2. Nf3 Nc6 3. d4 cxd4 4. Nxd4 Nf6 5. Nc3 e5 6. Ndb5 d6 7. Bg5 a6 8. Na3 Be7 9. Nc4 b5 10. Bxf6 gxf6 11. Ne3 Nd4 12. Ncd5 f5 13. c3 f4 14. Nxe7 fxe3 15. Nxc8 Qh4 16. Nxd6+ Kf8 17. g3 Qf6 18. f4 Rd8 19. cxd4 Qxd6 20. Qd3 Qb6 21. Qxe3 Rxd4 22. Bd3 Qa5+ 23. Qd2 Qd8 24. O-O-O exf4 25. gxf4 Rg8 26. Qc2 Rg4 27. Qc5+ Qd6 28. Qc8+ 1-0

[Event "GER-ch 37th"]
[Site "Magdeburg"]
[Date "2019.05.28"]
[Round "3"]
[White "Kollars, Dmitrij"]
[Black "Krassowizkij, Jaroslaw"]
[Result "1-0"]
[WhiteElo "2561"]
[BlackElo "2450"]
[EventDate "2019.05.26"]
[PlyCount "199"]

1. e4 e6 2. d4 d5 3. Nd2 c5 4. exd5 Qxd5 5. Ngf3 cxd4 6. Bc4 Qd7 7. O-O Nc6 8. Nb3 Nf6 9. Nbxd4 Nxd4 10. Nxd4 a6 11. Re1 b5 12. Bb3 Bb7 13. c3 Bc5 14. Bg5 Bxd4 15. cxd4 Qc6 16. d5 Nxd5 17. Qg4 h6 18. Rac1 Qd7 19. Bd2 O-O 20. Bxh6 f5 21. Qg3 Rac8 22. Rcd1 Rfe8 23. Bf4 Qf7 24. Be5 Nf6 25. Bxf6 Qxf6 26. h3 Bd5 27. Bxd5 exd5 28. Rxe8+ Rxe8 29. Qb3 Rd8 30. Rxd5 Rxd5 31. Qxd5+ Kh7 32. b4 g6 33. g3 Qc3 34. Qf7+ Kh6 35. Qf8+ Kh7 36. Qe7+ Kg8 37. Kg2 Qc6+ 38. Kh2 Qc4 39. Qd6 Kg7 40. a3 Qf1 41. Qd4+ Kf7 42. Qa7+ Kg8 43. h4 Kf8 44. Qa8+ Kg7 45. Qg2 Qe2 46. Qb7+ Kh6 47. Kg2 Qe6 48. Qf3 Kh7 49. Qe3 Qd5+ 50. Kh2 Qa2 51. Kg1 Qa1+ 52. Kg2 Qf6 53. Qg5 Qc6+ 54. Kg1 Qe6 55. h5 gxh5 56. Qxh5+ Kg7 57. Kg2 Qe4+ 58. Qf3 Qe6 59. Qf4 Kg6 60. Qe3 Qc6+ 61. Qf3 Qe6 62. Kh3 Qc4 63. g4 Qf1+ 64. Kh4 fxg4 65. Kxg4 Qc4+ 66. Kg3 Kg5 67. Qe3+ Kf5 68. Qf3+ Kg5 69. Kg2 Qa2 70. Qe3+ Kg4 71. Qd4+ Kg5 72. Kf3 Qf7+ 73. Ke2 Qb7 74. Qe3+ Kg6 75. Qg3+ Kh7 76. Qh4+ Kg8 77. Qg4+ Kh7 78. f3 Qc7 79. Kd3 Qc1 80. Qe4+ Kg8 81. Qa8+ Kf7 82. Qa7+ Kg8 83. Qxa6 Qc4+ 84. Ke3 Qc3+ 85. Ke4 Qc4+ 86. Ke5 Qc3+ 87. Kd5 Qxf3+ 88. Kc5 Qe3+ 89. Kxb5 Qd3+ 90. Kb6 Qe3+ 91. Kb7 Qf3+ 92. Kc7 Qc3+ 93. Kd7 Qg7+ 94. Kc8 Qc3+ 95. Kb7 Qf3+ 96. Qc6 Qxa3 97. b5 Qe7+ 98. Qc7 Qe4+ 99. Kb8 Qd5 100. Qc8+ 1-0

[Event "GER-ch 37th"]
[Site "Magdeburg"]
[Date "2019.05.28"]
[Round "3"]
[White "Lubbe, Nikolas"]
[Black "Svane, Frederik"]
[Result "1/2-1/2"]
[WhiteElo "2431"]
[BlackElo "2342"]
[EventDate "2019.05.26"]
[PlyCount "75"]

1. c4 Nf6 2. g3 g6 3. Bg2 Bg7 4. Nc3 O-O 5. e4 d6 6. Nge2 c5 7. d3 Nc6 8. O-O Rb8 9. h3 Ne8 10. g4 Nc7 11. f4 b5 12. f5 Ba6 13. cxb5 Nxb5 14. Nd5 Nc7 15. Nec3 Nxd5 16. exd5 Ne5 17. Be4 c4 18. dxc4 Nxc4 19. Rf2 Nxb2 20. Bxb2 Rxb2 21. Rxb2 Bxc3 22. Rf2 Bxa1 23. Qxa1 Qb6 24. Qc3 Qc5 25. Qf3 Kg7 26. h4 Qc1+ 27. Kg2 Qh6 28. f6+ exf6 29. Qxf6+ Kg8 30. Bf3 Bc8 31. Kg3 Qe3 32. Qxd6 f5 33. gxf5 Bxf5 34. Qf4 Qc3 35. Qd2 Qe5+ 36. Qf4 Qc3 37. Qd2 Qe5+ 38. Qf4 1/2-1/2

[Event "GER-ch 37th"]
[Site "Magdeburg"]
[Date "2019.05.28"]
[Round "3"]
[White "Pfreundt, Jakob"]
[Black "Graf, Alexander"]
[Result "1/2-1/2"]
[WhiteElo "2392"]
[BlackElo "2572"]
[EventDate "2019.05.26"]
[PlyCount "137"]

1. e4 e5 2. Nf3 Nc6 3. Bc4 Nf6 4. d3 Be7 5. O-O d6 6. a4 O-O 7. Re1 Be6 8. Nbd2 Qd7 9. a5 a6 10. c3 Rfe8 11. Qb3 Nd8 12. d4 exd4 13. Bxe6 Qxe6 14. Nxd4 Qxb3 15. N2xb3 Bf8 16. f3 Ne6 17. Nxe6 Rxe6 18. Nd4 Ree8 19. Bf4 Nd7 20. Rad1 Ne5 21. Nb3 Rab8 22. Bxe5 Rxe5 23. Rd5 Rbe8 24. Red1 c6 25. Rxe5 Rxe5 26. c4 f5 27. exf5 Rxf5 28. Kf2 h5 29. Ke3 Kf7 30. g3 Re5+ 31. Kd3 g5 32. g4 hxg4 33. fxg4 Bg7 34. Rf1+ Kg6 35. Rd1 Re8 36. Nd4 d5 37. cxd5 Rd8 38. Kc4 Rxd5 39. b4 Re5 40. Rd3 Re1 41. h3 Rc1+ 42. Kb3 c5 43. bxc5 Rxc5 44. Nf5 Rxa5 45. Rd6+ Bf6 46. Rb6 Ra1 47. Kc2 Ra2+ 48. Kc1 Rh2 49. Ne7+ Kf7 50. Nd5 Be5 51. Rxb7+ Ke6 52. Nc7+ Bxc7 53. Rxc7 Rxh3 54. Rc5 Kf6 55. Rf5+ Kg6 56. Ra5 Rd3 57. Rxa6+ Kf7 58. Kc2 Rd4 59. Kc3 Rxg4 60. Kd3 Rf4 61. Ke3 Kg7 62. Rb6 Rf7 63. Ra6 Rf6 64. Rxf6 Kxf6 65. Kf3 Kf5 66. Kg3 g4 67. Kf2 Kf4 68. Kg2 g3 69. Kg1 1/2-1/2

[Event "GER-ch 37th"]
[Site "Magdeburg"]
[Date "2019.05.28"]
[Round "3"]
[White "Rosner, Jonas"]
[Black "Winterberg, Lukas"]
[Result "1-0"]
[WhiteElo "2413"]
[BlackElo "2376"]
[EventDate "2019.05.26"]
[PlyCount "111"]

1. e4 e6 2. d4 d5 3. Nd2 c5 4. exd5 Qxd5 5. Ngf3 cxd4 6. Bc4 Qd7 7. O-O Nc6 8. Nb3 a6 9. a4 Nf6 10. Qe2 Bd6 11. Rd1 e5 12. Nbxd4 Nxd4 13. Rxd4 Qe7 14. Rxd6 Qxd6 15. b3 e4 16. Ba3 Qf4 17. Qe1 Be6 18. Qa5 Rd8 19. Re1 exf3 20. Qc5 Qd6 21. Qxd6 Rxd6 22. Bxd6 Kd7 23. Bxe6+ fxe6 24. Rd1 b5 25. axb5 axb5 26. gxf3 Rc8 27. c3 Nd5 28. Be5 Ke8 29. Rd3 g5 30. Kg2 Kf7 31. f4 h6 32. fxg5 hxg5 33. Rg3 Rg8 34. Rf3+ Ke7 35. Rh3 Kd7 36. Rh7+ Kc6 37. c4 bxc4 38. bxc4 Nf4+ 39. Kf3 Nd3 40. Bg3 Rf8+ 41. Ke3 Nf4 42. Ke4 Rf5 43. h4 Nh3 44. Rc7+ Kb6 45. Re7 Rf6 46. Ke5 Rh6 47. hxg5 Nxg5 48. Bf4 Nf3+ 49. Ke4 Rh3 50. Be3+ Ka5 51. Rxe6 Kb4 52. c5 Nh2 53. c6 Rh8 54. c7 Rc8 55. Bf4 Ng4 56. Kf3 1-0

[Event "GER-ch 37th"]
[Site "Magdeburg"]
[Date "2019.05.28"]
[Round "3"]
[White "Stern, Rene"]
[Black "Moeller, Dustin"]
[Result "1-0"]
[WhiteElo "2538"]
[BlackElo "2156"]
[EventDate "2019.05.26"]
[PlyCount "57"]

1. Nf3 d5 2. d4 e6 3. c4 c5 4. cxd5 exd5 5. Nc3 Nc6 6. dxc5 d4 7. Na4 Bxc5 8. Nxc5 Qa5+ 9. Bd2 Qxc5 10. Rc1 Qb6 11. e3 Nf6 12. Bc4 O-O 13. O-O Bg4 14. exd4 Bxf3 15. Qxf3 Nxd4 16. Qa3 Nc6 17. h3 h6 18. Be3 Qa5 19. Qb3 Ne5 20. Be2 Rfe8 21. Rc5 Qd8 22. Qxb7 Rb8 23. Qxa7 Rxb2 24. Bb5 Ned7 25. Rd1 Rxe3 26. fxe3 Ne4 27. Rxd7 Qh4 28. Qa8+ Kh7 29. Qxe4+ 1-0